Statistics for Rebus Puzzles (Dingbats) - Picture Quiz #4

Click here to take the quiz!

General Stats

  • This quiz has been taken 4,122 times
  • The average score is 5 of 8

Answers on the Map

Answers color-coded by a green-red scale on the quiz's map according to % correct below.
 

Answer Stats

Answer% Correct
Banana Split
91%
Top Secret
87%
Six Foot Underground
81%
Excuse Me
65%
Two Peas in a Pod
65%
Lunch Box
63%
An Inside Job
55%
Shop Til' You Drop
32%

Score Distribution

Percentile by Number Answered

Percent of People with Each Score

Your Score History

You have not taken this quiz